Conservation by proxy: (Registro nro. 7304)

Detalles MARC
000 -CABECERA
Campo de control 00864nam a22002417a 4500
005 - FECHA Y HORA DE LA ULTIMA TRANSACCION
Campo de control 20131019020003.0
008 - ELEMENTOS DE LONGITUD FIJA—INFORMACION GENERAL
Campo de control 130605b wauil. g |||| 00| 0 eng d
020 ## - ISBN
ISBN 9781597261920
040 ## - FUENTE DE CATALOGACIÓN
Agencia catalogadora original Library of Congress
Agencia transcriptora Instituto Humboldt
082 ## - NUMERO DE CLASIFICACION DECIMAL DEWEY
Número de clasificación 333.95
100 1# - ASIENTO PRINCIPAL--NOMBRE PERSONAL
Nombre personal Caro, Tim
245 10 - MENCION DE TITULO
Título Conservation by proxy:
Parte restante del título indicator, umbrella, keystone, flagship, and other surrogate species
Mención de responsabilidad Tim Caro; ilustraciones de Sheila Girling
260 ## - PUBLICACION, DISTRIBUCION, ETC. (PIE DE IMPRENTA)
Lugar de publicación, distribución, etc. Whasington, DC:
Nombre del editor, distribuidor, etc. Island Press,
Fecha de publicación, distribución, etc. 24 cm.
300 ## - DESCRIPCION FISICA
Extensión xvi, 374 p.:
Otros detalles físicos il.;
Dimensiones 24 cm
504 ## - NOTA DE BIBLIOGRAFIA, ETC.
Nota de bibliografía Incluye referencias bibliográficas (278-352 p.) e índice.
650 #0 - ASIENTO SECUNDARIO DE MATERIA - TERMINO TEMATICO
Término temático o nombre geográfico como elemento de entrada Conservation of natural resources
650 #0 - ASIENTO SECUNDARIO DE MATERIA - TERMINO TEMATICO
Término temático o nombre geográfico como elemento de entrada Environmental protection
650 #0 - ASIENTO SECUNDARIO DE MATERIA - TERMINO TEMATICO
Término temático o nombre geográfico como elemento de entrada Globalization
700 1# - ASIENTO SECUNDARIO - NOMBRE PERSONAL
Nombre personal Girling, Sheila
942 ## - ELEMENTOS ADICIONALES (KOHA)
Sistema de clasificación Dewey Decimal Classification
Tipo de ítem
Koha issues (borrowed), all copies 1
Existencias
Withdrawn status Lost status Sistema de Clasificación Damaged status No para préstamo Colección Inventariado Ubicación Permanente Ubicación actual Fecha de adquisición Fuente de Valor Valor Total Checkouts Número topográfico Inventario / Código de Barras Date last seen Date checked out Ejemplar Price effective from Tipo de material
    Dewey Decimal Classification     General Inventariado 2017 Bogotá Bogotá 05/06/2013 Instituto 39000.00 1 LB 333.95 C292c 029647 05/01/2015 18/10/2013 Ej. 1 05/06/2013 Libro